| 000 | 00810cam a22002411a 4500 | ||
|---|---|---|---|
| 001 | ca 36001245 | ||
| 003 | DLC | ||
| 005 | 20260227111143.0 | ||
| 007 | cr_||||||||||| | ||
| 008 | 840402s1896 maua 000 0 eng | ||
| 010 | _aca 36001245 | ||
| 035 | _a(OCoLC)10582303 | ||
| 040 |
_aDLC _cVtU _dVtU _dDLC |
||
| 042 | _apremarc | ||
| 050 | 0 | 0 |
_aPS2869 _b.S268 |
| 082 | _a811.49 | ||
| 100 | 1 |
_aSmith, J. E. A. _q(Joseph Edward Adams), _d1822-1896. |
|
| 245 | 1 | 0 |
_aSouvenir verse and story : _bmemorial of fifty years / _cby J. E. A. Smith. |
| 260 |
_aSpringfield, Mass. : _bClark W. Bryan Company, _c1896. |
||
| 300 |
_a146 p., 4 leaves of plates : _bill. ; _c19 cm. |
||
| 530 | _aAlso available in digital form on the Internet Archive Web site. | ||
| 856 | 4 | 1 | _uhttp://hdl.loc.gov/loc.gdc/scd0001.00159735114 |
| 999 |
_c18231 _d18231 |
||